[Event "21st World Senior Chess Championship"]
[Site "Rijeka"]
[Date "2011.11.16"]
[Round "2.26"]
[White "Sloth, Jorn"]
[Black "Buxade Roca, Guillermo"]
[Result "1-0"]
[WhiteElo "2349"]
[BlackElo "2165"]
[PlyCount "155"]
[EventDate "2011.11.15"]

1. Nf3 c5 2. c4 g6 3. Nc3 Bg7 4. g3 Nf6 5. Bg2 O-O 6. d4 cxd4 7. Nxd4 Nc6 8.
Nc2 d6 9. Bd2 Bg4 10. Ne3 Bd7 11. Rc1 Rb8 12. O-O Ne5 13. Qb3 Bc6 14. Ncd5 e6
15. Nxf6+ Bxf6 16. Bc3 Qc7 17. Nd5 exd5 18. cxd5 Qe7 19. dxc6 bxc6 20. Qa3 c5
21. Qa4 h5 22. b4 Rfe8 23. bxc5 dxc5 24. Rc2 Red8 25. Qe4 Ng4 26. Qxe7 Bxe7 27.
h3 Nf6 28. Be5 Rb4 29. Rfc1 Nd7 30. Bc3 Rbb8 31. Rd1 Nb6 32. Rcd2 Rxd2 33. Rxd2
Rd8 34. Rxd8+ Bxd8 35. Bc6 Kf8 36. Be5 Ke7 37. Kf1 Nc4 38. Bb8 Bb6 39. Ke1 Nd6
40. Bd5 Ne8 41. Bc4 Nc7 42. Kd2 Ba5+ 43. Kd3 Bb6 44. Ke4 Kf6 45. a4 Ke7 46. g4
hxg4 47. hxg4 a5 48. g5 f6 49. gxf6+ Kxf6 50. f3 g5 51. Ba2 Na6 52. Be5+ Kg6
53. Bc4 Nb4 54. Bd6 Kf6 55. Bf8 Ba7 56. Bd6 Bb6 57. Be5+ Kg6 58. e3 Nc2 59. Bc3
Kh6 60. Bb5 Kh7 61. Kd3 Nb4+ 62. Kc4 Nc2 63. Kd3 Nb4+ 64. Ke4 Nc2 65. Bd3 Nb4
66. Bf1 Nc2 67. Kd3 Nb4+ 68. Kc4 Kh6 69. Kb5 Nd5 70. Bd2 c4 71. Bxc4 Nxe3 72.
Be6 Ba7 73. Bxa5 Nc2 74. Bb6 Nd4+ 75. Bxd4 Bxd4 76. a5 Kg6 77. Kc6 Kf6 78. Bg4
1-0

[Event "21st World Senior Chess Championship"]
[Site "Rijeka"]
[Date "2011.11.16"]
[Round "2.27"]
[White "Welz, Peter Dr"]
[Black "Pritchett, Craig W"]
[Result "0-1"]
[WhiteElo "2164"]
[BlackElo "2343"]
[PlyCount "70"]
[EventDate "2011.11.15"]

1. e4 c5 2. Nc3 a6 3. g3 b5 4. Bg2 Bb7 5. a3 e6 6. f4 d5 7. e5 Nc6 8. Nf3 g6 9.
O-O h5 10. a4 b4 11. Ne2 Nh6 12. c3 Nf5 13. d4 a5 14. Bh3 Ba6 15. Bxf5 gxf5 16.
Be3 Qb6 17. Rf2 Bxe2 18. Rxe2 c4 19. b3 Rd8 20. Rc1 Qa6 21. Qc2 cxb3 22. Qb2
Rb8 23. Kf2 bxc3 24. Qxc3 Kd7 25. Ng5 Ba3 26. Rb1 Bb4 27. Qb2 h4 28. Nxf7 hxg3+
29. Kf3 Qd3 30. Rc1 Qe4+ 31. Kxg3 Rbg8+ 32. Ng5 Rxg5+ 33. fxg5 Qg4+ 34. Kf2
Rxh2+ 35. Kf1 Qf3+ 0-1

[Event "21st World Senior Chess Championship"]
[Site "Rijeka"]
[Date "2011.11.16"]
[Round "2.28"]
[White "Lucena, Lincoln"]
[Black "Rooze, Jan"]
[Result "0-1"]
[WhiteElo "2163"]
[BlackElo "2321"]
[PlyCount "82"]
[EventDate "2011.11.15"]

1. e4 Nf6 2. e5 Nd5 3. c4 Nb6 4. c5 Nd5 5. Bc4 e6 6. d4 b6 7. cxb6 axb6 8. Nc3
Nxc3 9. bxc3 Bb7 10. Nf3 Be7 11. O-O O-O 12. Re1 Nc6 13. Bd3 d5 14. exd6 cxd6
15. Qe2 Nb8 16. c4 Nd7 17. Bf4 Ra3 18. Bc1 Ra7 19. Qc2 Bxf3 20. gxf3 g6 21. Bh6
Re8 22. Qd2 Ra5 23. Be4 Bg5 24. Bxg5 Rxg5+ 25. Kh1 Rh5 26. Rg1 d5 27. cxd5 exd5
28. Bc2 Qf6 29. Rg3 Nf8 30. Ba4 Rc8 31. Rd1 Rc7 32. Bb3 Ne6 33. Qb4 Nf4 34. Re1
Kg7 35. Bd1 Nd3 36. Qd2 Nxe1 37. Qxe1 Qxd4 38. Bb3 Re5 39. Qf1 Qd2 40. Kg2 Re2
41. Qa1+ d4 0-1

[Event "21st World Senior Chess Championship"]
[Site "Rijeka"]
[Date "2011.11.16"]
[Round "2.30"]
[White "Zoltek, Tadeusz"]
[Black "Vikulov, Alexander"]
[Result "1-0"]
[WhiteElo "2161"]
[BlackElo "2321"]
[PlyCount "115"]
[EventDate "2011.11.15"]

1. c4 g6 2. Nc3 Bg7 3. g3 e5 4. Bg2 d6 5. d3 Ne7 6. Rb1 a5 7. a3 O-O 8. e3 c6
9. Nge2 d5 10. cxd5 cxd5 11. O-O Nbc6 12. d4 Bf5 13. Ra1 exd4 14. Nxd4 Nxd4 15.
exd4 Nc6 16. Be3 Be6 17. Qa4 Qd7 18. Rfd1 Rfe8 19. Qb5 Rad8 20. Rac1 h6 21. Rd2
Kh7 22. Na4 Ne5 23. Qxd7 Nxd7 24. Rc7 b6 25. h3 Rb8 26. Rc6 b5 27. Nc3 Nb6 28.
Rc5 Nc4 29. Re2 Nxe3 30. fxe3 Bf5 31. Kf2 Bd3 32. Rd2 Bc4 33. Nxd5 Rec8 34.
Rxc8 Rxc8 35. Nb6 Rc7 36. Rc2 a4 37. Nxc4 Rxc4 38. Rxc4 bxc4 39. Bd5 c3 40.
bxc3 Bf8 41. Bxf7 Bxa3 42. c4 Bc5 43. dxc5 a3 44. c6 a2 45. c7 a1=Q 46. Bxg6+
Kxg6 47. c8=Q Qf6+ 48. Ke2 Qb2+ 49. Kd3 Qa3+ 50. Ke4 Kf6 51. Qc6+ Kg7 52. Qd7+
Kf6 53. c5 Kg6 54. Qf5+ Kg7 55. Qd7+ Kg6 56. h4 Qxc5 57. Qe6+ Kh5 58. Qd5+ 1-0

[Event "21st World Senior Chess Championship"]
[Site "Rijeka"]
[Date "2011.11.16"]
[Round "2.31"]
[White "Jacobsen, Bo"]
[Black "Hjertenes, Oystein"]
[Result "1-0"]
[WhiteElo "2317"]
[BlackElo "2153"]
[PlyCount "87"]
[EventDate "2011.11.15"]

1. c4 g6 2. g3 Bg7 3. Bg2 d6 4. Nc3 e5 5. Nf3 Nd7 6. Rb1 Nh6 7. d3 f6 8. b4 O-O
9. O-O Nf7 10. b5 f5 11. Nd2 Nf6 12. a4 Rb8 13. Qb3 Be6 14. Ba3 Nd7 15. Na2 h5
16. a5 h4 17. Nb4 hxg3 18. hxg3 Qg5 19. Nf3 Qh5 20. a6 e4 21. Nh2 Nc5 22. Qc2
bxa6 23. dxe4 fxe4 24. Nc6 Rb6 25. Bxc5 Rxc6 26. bxc6 Qxc5 27. Bxe4 Ne5 28. Rb7
Bxc4 29. Rxc7 d5 30. Bxg6 Qd6 31. Bh7+ Kh8 32. Rb7 Qxc6 33. Rfb1 Qf6 34. f4 Nc6
35. Nf3 a5 36. e3 Nb4 37. Qh2 Qh6 38. Qxh6 Bxh6 39. Ne5 Bg7 40. Ng6+ Kxh7 41.
Nxf8+ Kg8 42. Ne6 Bc3 43. Rxa7 Na6 44. Rb6 1-0

[Event "21st World Senior Chess Championship"]
[Site "Rijeka"]
[Date "2011.11.16"]
[Round "2.32"]
[White "Kierzek, Matthias Dr"]
[Black "Leskovar, Mario"]
[Result "1/2-1/2"]
[WhiteElo "2152"]
[BlackElo "2316"]
[PlyCount "107"]
[EventDate "2011.11.15"]

1. d4 Nf6 2. c4 e6 3. Nf3 c5 4. d5 exd5 5. cxd5 Bd6 6. Bg5 O-O 7. Nc3 Re8 8. e3
Bc7 9. d6 Ba5 10. Bc4 h6 11. Bxf6 Qxf6 12. O-O Bxc3 13. bxc3 Nc6 14. Qd3 b6 15.
Bd5 Bb7 16. e4 Rab8 17. Rfe1 g6 18. Qe3 Ne5 19. Nxe5 Qxe5 20. Bxb7 Rxb7 21.
Rad1 Kg7 22. f4 Qe6 23. Rd2 Rbb8 24. e5 f5 25. h3 Kh7 26. Qf3 Qf7 27. g4 Qe6
28. Rg2 Rg8 29. Kh2 Rbf8 30. Qe3 Rf7 31. Reg1 Qc4 32. g5 h5 33. h4 Re8 34. Kg3
Rff8 35. Rd1 Kg7 36. Qd3 Qxd3+ 37. Rxd3 Kf7 38. Rb2 c4 39. Rd4 Rc8 40. Rb4 Rc5
41. Rdxc4 Rfc8 42. Rxc5 Rxc5 43. c4 Ra5 44. a4 Rc5 45. Kf3 Ke6 46. Ke3 a5 47.
Rxb6 Rxc4 48. Rb8 Re4+ 49. Kf3 Rxa4 50. Re8+ Kd5 51. Re7 Kc6 52. Rg7 Ra3+ 53.
Ke2 Ra2+ 54. Ke3 1/2-1/2

[Event "21st World Senior Chess Championship"]
[Site "Rijeka"]
[Date "2011.11.16"]
[Round "2.33"]
[White "Chernov, Evgen"]
[Black "Weisenburger, Horst"]
[Result "1-0"]
[WhiteElo "2311"]
[BlackElo "2151"]
[PlyCount "47"]
[EventDate "2011.11.15"]

1. d4 f5 2. Nf3 g6 3. h4 Nf6 4. h5 Nxh5 5. e4 fxe4 6. Rxh5 exf3 7. Qxf3 Bg7 8.
Bc4 Rf8 9. Qg3 gxh5 10. Qxg7 d5 11. Bh6 Rf6 12. Qg8+ Kd7 13. Qxd5+ Rd6 14. Qxh5
Qh8 15. Be3 Nc6 16. Nc3 Qg7 17. O-O-O Kd8 18. Qh2 Bf5 19. d5 Na5 20. Be2 b5 21.
Nxb5 Rb8 22. Bf4 a6 23. Be5 Rh6 24. Qf4 1-0

[Event "21st World Senior Chess Championship"]
[Site "Rijeka"]
[Date "2011.11.16"]
[Round "2.35"]
[White "Rujevic, Mirko"]
[Black "Zhukov, Viktor"]
[Result "1/2-1/2"]
[WhiteElo "2302"]
[BlackElo "2141"]
[PlyCount "50"]
[EventDate "2011.11.15"]

1. e4 c5 2. Nc3 Nc6 3. g3 g6 4. Bg2 Bg7 5. d3 Nf6 6. Nf3 d6 7. O-O O-O 8. h3
Rb8 9. Be3 b5 10. a3 a5 11. Qd2 b4 12. axb4 axb4 13. Ne2 Qc7 14. Bh6 Bb7 15.
Bxg7 Kxg7 16. Nh4 Ra8 17. Qg5 e6 18. Qe3 Rxa1 19. Rxa1 Ra8 20. Rxa8 Bxa8 21. e5
Nd5 22. exd6 Qxd6 23. Qd2 Bb7 24. Nf3 Ba6 25. Ng5 Nf6 1/2-1/2

[Event "21st World Senior Chess Championship"]
[Site "Rijeka"]
[Date "2011.11.16"]
[Round "2.36"]
[White "Nordby, Bernt"]
[Black "Kelleher, William"]
[Result "0-1"]
[WhiteElo "2144"]
[BlackElo "2300"]
[PlyCount "70"]
[EventDate "2011.11.15"]

1. d4 Nf6 2. Nf3 c5 3. e3 g6 4. c4 Bg7 5. Nc3 cxd4 6. exd4 d5 7. cxd5 Nxd5 8.
Qb3 Nb6 9. Be2 O-O 10. O-O Be6 11. Qb5 Nc6 12. Rd1 a6 13. Qg5 Bc4 14. Bxc4 Nxc4
15. Qh4 Rc8 16. d5 N6e5 17. Ng5 h6 18. Nge4 Nd6 19. Nxd6 exd6 20. Qh3 Rc4 21.
Bd2 Rh4 22. Qg3 Rg4 23. Qh3 Rh4 24. Qg3 Nc4 25. Qf3 Nxb2 26. Rdc1 Re8 27. Rab1
Nc4 28. Be1 b5 29. g3 Ne5 30. Qg2 Rc4 31. Ne4 Rxc1 32. Rxc1 Nd3 33. Rd1 Nxe1
34. Rxe1 f5 35. Nf6+ Bxf6 0-1

[Event "21st World Senior Chess Championship"]
[Site "Rijeka"]
[Date "2011.11.16"]
[Round "2.37"]
[White "Ruckschloss, Karol"]
[Black "Hoeschele, Hans-Ulrich"]
[Result "0-1"]
[WhiteElo "2297"]
[BlackElo "2137"]
[PlyCount "86"]
[EventDate "2011.11.15"]

1. c4 Nf6 2. d4 e6 3. Nf3 d5 4. e3 c6 5. Bd3 Be7 6. Nc3 dxc4 7. Bxc4 b5 8. Bd3
Bb7 9. O-O Nbd7 10. b3 a6 11. a4 b4 12. Ne2 a5 13. Bb2 O-O 14. Rc1 Rc8 15. Ng3
c5 16. Qe2 cxd4 17. Nxd4 Nc5 18. Bc4 Bd6 19. Rfd1 Qe7 20. Nxe6 Bxg3 21. Nxc5
Bxh2+ 22. Kxh2 Rxc5 23. Bxf6 gxf6 24. Rd4 Rg5 25. Rg4 f5 26. Rxg5+ Qxg5 27. f4
Qg6 28. Qf2 Re8 29. Bf1 Qb6 30. Qg3+ Kf8 31. Re1 Re6 32. Kg1 Bd5 33. Qh3 Bxb3
34. Qxf5 Rxe3 35. Rxe3 Qxe3+ 36. Kh1 Be6 37. Qf6 Qc5 38. Qh6+ Ke7 39. Bb5 Kd8
40. f5 Bxf5 41. Qf6+ Kc8 42. Qxf7 Qc1+ 43. Kh2 Qc7+ 0-1

[Event "21st World Senior Chess Championship"]
[Site "Rijeka"]
[Date "2011.11.16"]
[Round "2.38"]
[White "Trois, Francisco R T"]
[Black "Davydov, Mihail"]
[Result "1/2-1/2"]
[WhiteElo "2275"]
[BlackElo "2036"]
[PlyCount "37"]
[EventDate "2011.11.15"]

1. e4 c6 2. d4 d5 3. Nd2 dxe4 4. Nxe4 Nd7 5. Ng5 Ngf6 6. Bc4 e6 7. Qe2 Nb6 8.
Bb3 h6 9. N5f3 c5 10. dxc5 Bxc5 11. Ne5 O-O 12. Ngf3 Nbd5 13. O-O b6 14. Bd2
Bb7 15. Rad1 Qc7 16. c4 Ne7 17. Bc2 Nf5 18. Bc3 Rfd8 19. b3 1/2-1/2

[Event "21st World Senior Chess Championship"]
[Site "Rijeka"]
[Date "2011.11.16"]
[Round "2.39"]
[White "Lederman, Leon"]
[Black "Ozbilen, Mehdi Hayri"]
[Result "1-0"]
[WhiteElo "2267"]
[BlackElo "2020"]
[PlyCount "59"]
[EventDate "2011.11.15"]

1. e4 e5 2. Nf3 Nc6 3. Bb5 a6 4. Ba4 Nf6 5. O-O Nxe4 6. d4 b5 7. Bb3 d5 8. dxe5
Be6 9. Qe2 Bc5 10. Be3 O-O 11. Rd1 Na5 12. Nbd2 Nxb3 13. cxb3 Nxd2 14. Rxd2 Bb4
15. Rdd1 Bg4 16. Rd4 Bxf3 17. Qxf3 Qe7 18. Rxd5 c6 19. Rd4 Rfe8 20. Qxc6 Rec8
21. Qe4 Bc5 22. Rd3 Re8 23. Bxc5 Qxc5 24. Rd5 Qc6 25. Qd4 Qc2 26. Re1 h6 27. f4
g6 28. h3 Re6 29. Rc5 Qf5 30. g4 1-0

[Event "21st World Senior Chess Championship"]
[Site "Rijeka"]
[Date "2011.11.16"]
[Round "2.45"]
[White "Anguera Maestro, Jaime"]
[Black "Trofimov, Sergey"]
[Result "1/2-1/2"]
[WhiteElo "2133"]
[BlackElo "2408"]
[PlyCount "27"]
[EventDate "2011.11.15"]

1. d4 Nf6 2. Nf3 e6 3. e3 b6 4. Bd3 Bb7 5. Nbd2 c5 6. c3 Nc6 7. O-O Qc7 8. a3
Be7 9. b4 O-O 10. e4 d6 11. Qe2 Rad8 12. Bb2 g6 13. Rfe1 Rd7 14. Nf1 1/2-1/2

[Event "21st World Senior Chess Championship"]
[Site "Rijeka"]
[Date "2011.11.16"]
[Round "2.46"]
[White "Borensztajn, David"]
[Black "Pushkov, Nikolai"]
[Result "0-1"]
[WhiteElo "1995"]
[BlackElo "2395"]
[PlyCount "46"]
[EventDate "2011.11.15"]

1. d4 d5 2. Nf3 Nf6 3. e3 e6 4. Bd3 Nbd7 5. Nbd2 Bd6 6. O-O O-O 7. b3 e5 8. e4
c5 9. dxc5 Nxc5 10. Qe2 Bg4 11. Re1 Nxd3 12. Qxd3 dxe4 13. Nxe4 Bb4 14. Qxd8
Rfxd8 15. Nxf6+ gxf6 16. Rf1 Rac8 17. c4 Bc3 18. Rb1 Bf5 19. Be3 Bxb1 20. Rxb1
b6 21. Rc1 Bb4 22. Nh4 Bd2 23. Bxd2 Rxd2 0-1

[Event "21st World Senior Chess Championship"]
[Site "Rijeka"]
[Date "2011.11.16"]
[Round "2.53"]
[White "Samartsev, Alexander"]
[Black "Hrdina, Karl"]
[Result "1-0"]
[WhiteElo "2226"]
[BlackElo "1944"]
[PlyCount "39"]
[EventDate "2011.11.15"]

1. d4 d5 2. Nf3 e6 3. g3 Nf6 4. Bg2 Nbd7 5. b3 Ne4 6. O-O Be7 7. c4 O-O 8. Ba3
Re8 9. Bxe7 Qxe7 10. Qc2 c6 11. Nc3 Nxc3 12. Qxc3 b6 13. Rfe1 Bb7 14. e4 Qf6
15. cxd5 exd5 16. exd5 cxd5 17. Qc7 Rxe1+ 18. Rxe1 Qc6 19. Rc1 Qxc7 20. Rxc7
1-0

[Event "21st World Senior Chess Championship-w"]
[Site "Opatija"]
[Date "2011.11.16"]
[Round "2.2"]
[White "Fatalibekova, Elena"]
[Black "Sorokina, Tamara"]
[Result "1/2-1/2"]
[WhiteElo "2285"]
[BlackElo "2131"]
[PlyCount "48"]
[EventDate "2011.??.??"]

1. d4 Nf6 2. c4 g6 3. Nc3 Bg7 4. Nf3 O-O 5. g3 d6 6. Bg2 c6 7. O-O Bg4 8. h3
Bxf3 9. Bxf3 Nbd7 10. Bg2 Qc7 11. e4 e5 12. Be3 Rfe8 13. d5 c5 14. Kh2 a6 15.
f4 Rab8 16. a4 exf4 17. gxf4 Rf8 18. Qd2 Rbe8 19. Rae1 Qa5 20. Qc2 Nh5 21. Bd2
Qc7 22. Bf3 Nhf6 23. Qd3 Kh8 24. Kh1 Ng8 1/2-1/2

[Event "21st World Senior Chess Championship - w"]
[Site "Rijeka"]
[Date "2011.11.16"]
[Round "2.3"]
[White "Bogumil, Tatiana"]
[Black "Kozlovskaya, Valentina"]
[Result "1-0"]
[WhiteElo "2115"]
[BlackElo "2281"]
[PlyCount "86"]
[EventDate "2011.11.15"]

1. Nf3 c5 2. c4 Nc6 3. Nc3 g6 4. g3 Bg7 5. Bg2 a6 6. O-O d6 7. d3 Nf6 8. Bg5 h6
9. Bd2 O-O 10. Nd5 Nxd5 11. cxd5 Nb8 12. Bc3 b5 13. Bxg7 Kxg7 14. d4 c4 15. e4
Bg4 16. h3 Bxf3 17. Qxf3 Nd7 18. Qe3 Qb6 19. h4 Nf6 20. Bh3 Nh7 21. Rad1 Ra7
22. Kg2 b4 23. h5 Rc7 24. hxg6 fxg6 25. Bg4 Nf6 26. Bf3 c3 27. Rh1 Ng8 28. Bg4
cxb2 29. Be6 Rc3 30. Qd2 g5 31. Qxb2 a5 32. Qe2 Rf6 33. e5 dxe5 34. dxe5 Rf8
35. Rd2 Qc5 36. Re1 Rcf3 37. Rf1 h5 38. d6 g4 39. Rd5 Qc6 40. Qd2 Kg6 41. Qd4
Kg5 42. Bxg8 Rxg8 43. e6+ Rf5 1-0

[Event "21st World Senior Chess Championship-w"]
[Site "Opatija"]
[Date "2011.11.16"]
[Round "2.4"]
[White "Strutinskaya, Galina N"]
[Black "Melashvili, Nino"]
[Result "1/2-1/2"]
[WhiteElo "2277"]
[BlackElo "2106"]
[PlyCount "209"]
[EventDate "2011.??.??"]

1. d4 d5 2. c4 c6 3. Nf3 e6 4. Qc2 Nf6 5. Bf4 Ne4 6. Nbd2 Qa5 7. a3 Nd7 8. e3
Be7 9. Rd1 g5 10. Bg3 h5 11. c5 h4 12. Be5 f6 13. Bd6 Bxd6 14. cxd6 Nf8 15. h3
Nxd6 16. Bd3 Rg8 17. O-O Bd7 18. e4 dxe4 19. Nxe4 Nxe4 20. Bxe4 O-O-O 21. b4
Qc7 22. Rc1 f5 23. Bd3 Ng6 24. d5 exd5 25. Nd4 Nf4 26. Bxf5 Bxf5 27. Qxf5+ Kb8
28. Rc3 Qd7 29. Re1 Qxf5 30. Nxf5 d4 31. Rc2 d3 32. Rd2 g4 33. Nxh4 gxh3 34. g3
Ne2+ 35. Kh2 Rgf8 36. f4 Rfe8 37. f5 Re3 38. f6 Rf8 39. Ng6 Rxf6 40. Nf4 Nxg3
41. Rxe3 Nf1+ 42. Kxh3 Nxd2 43. Nxd3 Nc4 44. Rg3 Rf7 45. a4 a5 46. bxa5 Nxa5
47. Kg2 Nc4 48. Rg5 b6 49. Nb4 Kb7 50. Kg3 Nb2 51. a5 c5 52. Na2 Na4 53. axb6
Kxb6 54. Rg8 Rf1 55. Re8 Ra1 56. Re2 Kb5 57. Rc2 c4 58. Kf3 Kc5 59. Ke3 Re1+
60. Kd2 Rh1 61. Ke3 Rh3+ 62. Ke4 Rh4+ 63. Ke3 Rh3+ 64. Ke4 Rh8 65. Ke3 Re8+ 66.
Kf3 Rf8+ 67. Ke3 Re8+ 68. Kf3 Rb8 69. Ke4 Rb3 70. Ke5 Ra3 71. Rg2 Nc3 72. Nc1
Ra1 73. Rc2 Kb4 74. Kd6 Ra5 75. Ke6 Nb5 76. Rh2 Nd4+ 77. Kd6 Kc3 78. Na2+ Kb3
79. Nc1+ Kb4 80. Na2+ Ka3 81. Nc1 Rg5 82. Na2 Nb5+ 83. Kc6 Nd4+ 84. Kd6 Nb5+
85. Kc6 Re5 86. Rg2 Kb3 87. Nc1+ Kc3 88. Na2+ Kd3 89. Nb4+ Kd4 90. Rg4+ Kc3 91.
Nd5+ Kb3 92. Rg3+ c3 93. Nxc3 Nxc3 94. Kd6 Re4 95. Rg5 Kc4 96. Rh5 Nb5+ 97. Kd7
Nd4 98. Rg5 Rh4 99. Re5 Rh6 100. Kc7 Ne6+ 101. Kd6 Nc5+ 102. Ke7 Rh7+ 103. Kf6
Nd7+ 104. Kg6 Nxe5+ 105. Kxh7 1/2-1/2

[Event "21st World Senior Chess Championship - w"]
[Site "Rijeka"]
[Date "2011.11.16"]
[Round "2.6"]
[White "Khmiadashvili, Tamar"]
[Black "Chernova, Natalja"]
[Result "1-0"]
[WhiteElo "2166"]
[BlackElo "2095"]
[PlyCount "146"]
[EventDate "2011.11.15"]

1. c4 c5 2. Nc3 b6 3. d3 Bb7 4. Nf3 Nf6 5. e4 d6 6. g3 e6 7. Bg2 Be7 8. O-O O-O
9. Ne1 Nc6 10. f4 Nd7 11. g4 Nd4 12. Ne2 e5 13. Nxd4 cxd4 14. Nf3 exf4 15. Bxf4
Ne5 16. Nxe5 dxe5 17. Bxe5 Bg5 18. Bf4 Bxf4 19. Rxf4 Qc7 20. Qd2 Rad8 21. Raf1
Qe7 22. Qf2 Bc8 23. e5 Qe6 24. Bd5 Rxd5 25. cxd5 Qxd5 26. Qxd4 Qe6 27. Qd6 h6
28. Qxe6 Bxe6 29. Rc1 Rd8 30. Rc3 Rd5 31. Re4 Rb5 32. b3 a5 33. Kf2 Rd5 34. d4
a4 35. bxa4 Ra5 36. a3 Rxa4 37. Ke3 Ra5 38. Rf4 Kh7 39. h3 Kg6 40. Kd2 Kg5 41.
Rf2 Ra4 42. Ke3 b5 43. Ke4 b4 44. axb4 Rxb4 45. Rf5+ Kg6 46. h4 Kh7 47. Rf4 Rb1
48. Re3 Rd1 49. Rg3 Rb1 50. g5 hxg5 51. Rxg5 Rd1 52. Rg3 Rb1 53. Rc3 Re1+ 54.
Re3 Rd1 55. Ra3 Rb1 56. Ra5 Re1+ 57. Kd3 Rb1 58. Kc2 Rb4 59. Kc3 Rc4+ 60. Kd3
Rb4 61. Ke3 Rb3+ 62. Ke4 Rb4 63. Rf2 g6 64. Rd2 Kh6 65. Kf4 Rc4 66. Kg3 Rc3+
67. Kf2 Rh3 68. d5 Rh2+ 69. Ke3 Rh3+ 70. Kd4 Rxh4+ 71. Kc5 Re4 72. dxe6 Rxe5+
73. Kb4 Rxe6 1-0

[Event "21st World Senior Chess Championship - w"]
[Site "Rijeka"]
[Date "2011.11.16"]
[Round "2.7"]
[White "Lopatin, Olga"]
[Black "Miednikova, Swietlana"]
[Result "0-1"]
[WhiteElo "2091"]
[BlackElo "2165"]
[PlyCount "80"]
[EventDate "2011.11.15"]

1. d4 d5 2. Nc3 Nf6 3. Bg5 Bf5 4. f3 c5 5. e3 Qa5 6. Qd2 Nc6 7. g4 Be6 8. O-O-O
O-O-O 9. Nge2 h6 10. Bh4 g5 11. Bf2 c4 12. h4 Rg8 13. hxg5 hxg5 14. Kb1 b5 15.
a3 Rd7 16. Na2 Qb6 17. Ng3 a5 18. c3 Rb7 19. Be1 Bd7 20. Nh5 Ne8 21. Qc2 Rg6
22. Ng3 e6 23. e4 b4 24. cxb4 axb4 25. axb4 Nxb4 26. Bxb4 Bxb4 27. Nxb4 Qxb4
28. Rc1 Nd6 29. Rh8+ Kc7 30. Qh2 Kb6 31. Ne2 dxe4 32. fxe4 Nxe4 33. Nc3 Bc6 34.
Qe5 Ka7 35. Nd1 Nd2+ 36. Kc2 Be4+ 37. Qxe4 Nxe4 38. Ra1+ Kb6 39. Nc3 Qb3+ 40.
Kc1 Nxc3 0-1

[Event "21st World Senior Chess Championship - w"]
[Site "Rijeka"]
[Date "2011.11.16"]
[Round "2.10"]
[White "Fomina, Tatyana"]
[Black "Zaitseva, Tamara"]
[Result "1-0"]
[WhiteElo "2215"]
[BlackElo "2183"]
[PlyCount "63"]
[EventDate "2011.11.15"]

1. e4 e5 2. Nf3 Nc6 3. Bb5 f5 4. d3 fxe4 5. dxe4 Nf6 6. Qe2 d6 7. O-O Bd7 8. a4
h6 9. a5 a6 10. Bc4 Bg4 11. c3 Qd7 12. b4 g5 13. b5 Nb8 14. Rd1 Qe7 15. Nbd2
Be6 16. Ba3 Bxc4 17. Nxc4 Qe6 18. Ne3 Nbd7 19. Rab1 Kf7 20. bxa6 bxa6 21. Rb7
c5 22. Nc4 Be7 23. h4 g4 24. Nfd2 Rab8 25. Rdb1 d5 26. exd5 Qxd5 27. Rxb8 Rxb8
28. Rxb8 Nxb8 29. Nxe5+ Kg7 30. Nxg4 Bd6 31. Nxf6 Kxf6 32. Ne4+ 1-0

[Event "21st World Senior Chess Championship - w"]
[Site "Rijeka"]
[Date "2011.11.16"]
[Round "2.11"]
[White "Kabanova, Irina"]
[Black "Abdikasova, Panu"]
[Result "1-0"]
[WhiteElo "1959"]
[BlackElo "1978"]
[PlyCount "101"]
[EventDate "2011.11.15"]

1. e4 c5 2. Nf3 d6 3. d4 cxd4 4. Nxd4 Nf6 5. Nc3 a6 6. Be2 e6 7. Be3 Nc6 8. O-O
Be7 9. Qd2 O-O 10. a4 Qc7 11. Nb3 b6 12. f4 Rd8 13. Bf3 Rb8 14. Qf2 Bd7 15.
Rfe1 Be8 16. Nd4 Rdc8 17. Nce2 Nb4 18. Nc3 Nd7 19. Qd2 Nc6 20. Nce2 Nxd4 21.
Nxd4 Nc5 22. b3 Bf6 23. Rac1 b5 24. axb5 axb5 25. Bf2 b4 26. Qe3 Nd7 27. Be2
Nc5 28. Bc4 Ra8 29. e5 dxe5 30. fxe5 Be7 31. Be2 Qb8 32. Bf3 Ra5 33. Ra1 Qa7
34. Rad1 Qc7 35. Ra1 Ra3 36. Rad1 Na4 37. Be4 Nc3 38. Ra1 Nxe4 39. Qxe4 Qc3 40.
Rad1 g6 41. Rd3 Qc7 42. Bh4 Bc5 43. Bf6 Bf8 44. Rh3 Bg7 45. Qh4 h5 46. Kh1 Bxf6
47. exf6 e5 48. Qg5 Qc5 49. Rxh5 Qf8 50. Nf5 Rc7 51. Rh6 1-0

[Event "21st World Senior Chess Championship"]
[Site "Rijeka"]
[Date "2011.11.17"]
[Round "3.1"]
[White "Klundt, Klaus"]
[Black "Vaisser, Anatoly"]
[Result "1/2-1/2"]
[WhiteElo "2383"]
[BlackElo "2555"]
[PlyCount "85"]
[EventDate "2011.11.17"]

1. e4 e6 2. d4 d5 3. Nd2 c5 4. Ngf3 Nc6 5. Bb5 dxe4 6. Nxe4 Bd7 7. dxc5 Qa5+ 8.
Nc3 Bxc5 9. O-O Nf6 10. Bg5 Be7 11. Re1 Rd8 12. Qe2 h6 13. Bf4 Qb4 14. Bc7 Rc8
15. a3 Qxb2 16. Na4 Nd4 17. Nxd4 Qxd4 18. Rad1 Qh4 19. Bg3 Qg5 20. Rxd7 Nxd7
21. Rd1 Rd8 22. h4 Qf5 23. Bc7 a6 24. Bd3 Qf6 25. Bxd8 Bxd8 26. Be4 b5 27. Bc6
O-O 28. Bxd7 bxa4 29. g3 Bb6 30. Bxa4 Rc8 31. Kg2 Rc3 32. Bb3 a5 33. a4 Bd4 34.
Rd2 e5 35. Qe4 Qc6 36. Qxc6 Rxc6 37. f4 Rc3 38. fxe5 Bxe5 39. Rd8+ Kh7 40. Rd3
Rc7 41. Rd5 Bc3 42. Rf5 Kg8 43. h5 1/2-1/2

[Event "21st World Senior Chess Championship"]
[Site "Rijeka"]
[Date "2011.11.17"]
[Round "3.3"]
[White "Timoscenko, Gennadij"]
[Black "Sloth, Jorn"]
[Result "1/2-1/2"]
[WhiteElo "2483"]
[BlackElo "2349"]
[PlyCount "52"]
[EventDate "2011.11.17"]

1. d4 e6 2. c4 Bb4+ 3. Bd2 Bxd2+ 4. Qxd2 d6 5. Nf3 Nf6 6. g3 O-O 7. Bg2 Nc6 8.
d5 Ne7 9. Nc3 e5 10. O-O Ng6 11. Ne1 Ng4 12. e4 f5 13. exf5 Bxf5 14. Nd3 Nf6
15. Rae1 Kh8 16. f3 Qd7 17. Nf2 Ne7 18. h4 h6 19. Kh2 Rae8 20. Nfd1 Qd8 21. Ne3
Bc8 22. Bh3 Bxh3 23. Kxh3 Nh5 24. Ne4 Ng6 25. Ng2 Rf7 26. Kh2 Ref8 1/2-1/2

[Event "21st World Senior Chess Championship"]
[Site "Rijeka"]
[Date "2011.11.17"]
[Round "3.7"]
[White "Pritchett, Craig W"]
[Black "Komljenovic, Davorin"]
[Result "0-1"]
[WhiteElo "2343"]
[BlackElo "2451"]
[PlyCount "96"]
[EventDate "2011.11.17"]

1. Nf3 g6 2. e4 Bg7 3. d4 d6 4. Nc3 a6 5. Be3 b5 6. Qd2 Bb7 7. Bd3 Nd7 8. O-O
c5 9. Rfe1 cxd4 10. Nxd4 Ngf6 11. Bh6 Bxh6 12. Qxh6 Qb6 13. Qe3 Ng4 14. Qg3
Qxd4 15. Qxg4 b4 16. Nd1 Ne5 17. Qe2 O-O 18. Qe3 Qxe3 19. Nxe3 Rfc8 20. f3 e6
21. Bf1 Kf8 22. f4 Nd7 23. Nc4 Ke7 24. Rad1 Rc6 25. Rd4 Nf6 26. Red1 d5 27. Na5
Rb6 28. Nxb7 Rxb7 29. exd5 Nxd5 30. Kf2 Rc7 31. R1d2 a5 32. g3 Nb6 33. Bb5 Rc5
34. Bd3 Rac8 35. a3 bxa3 36. bxa3 Rc3 37. a4 Ra3 38. Bb5 Rc7 39. g4 Rcc3 40.
Rd6 Nd5 41. Rd7+ Kf8 42. Ra7 Rf3+ 43. Ke1 Rxf4 44. c4 Nf6 45. c5 Ne4 46. Rd8+
Kg7 47. c6 Rf2 48. c7 Re3+ 0-1